Kuvavisa: Pohjois-Amerikan suurimmat W:llä alkavat kaupungit - Statistics

Yleistilastot
  • Tätä visaa on pelattu 19 kertaa
  • Keskiarvotulos 4 / 16
Vastaustilastot
Kuvavisa Hint Vastaus % Oikein
🇺🇸 680 000 Washington
100%
🇨🇦 760 000 Winnipeg
100%
🇺🇸 400 000 Wichita
36%
🇺🇸 210 000 Worcester
29%
🇺🇸 140 000 Waco
21%
🇺🇸 120 000 {West Palm} Beach
21%
🇺🇸 120 000 Wilmington
21%
🇺🇸 250 000 {Winston}-Salem
21%
🇺🇸 110 000 West {Jordan}
14%
🇨🇼 140 000 Willemstad
14%
🇺🇸 140 000 Warren
7%
🇺🇸 110 000 Westminster
7%
🇺🇸 130 000 West {Valley City}
7%
🇨🇦 110 000 White Rock
7%
🇨🇦 310 000 Windsor
7%
🇺🇸 110 000 Waterbury
0%
Ehtoja vastaavia visoja ei löytynyt
Tulosjakauma
Jokaisen tuloksen saaneiden osuus
Persentiili vastausten määrän mukaan
Tuloshistoriasi
Et ole pelannut tätä visaa